000
00274nam a22001217a 4500
040
_c
HS
082
_a
639
100
_a
វឹង សេដ្ឋា
245
_a
បរិស្ថាន
260
_a
RUA
_b
វឹង សេដ្ឋា
_c
2011
300
_a
46p;
942
_c
KB
999
_c
9434
_d
9434